000 00378nam a2200157Ia 4500
008 230524s9999 xx 000 0 und d
082 _a621.382
_bGUP
100 _aB.R.Gupta
245 0 _aElectronics and Instrumentation
250 _a1ST
260 _aNEW DELHI
_bS.Chand
_c2003
300 _aXVII;514
500 _aQuantity Number: 4
650 _aElectronics
942 _cBK
999 _c9993
_d9993